Advanced web Development with react (Record no. 11483)
[ view plain ]
| 000 -LEADER | |
|---|---|
| fixed length control field | 00346nam a22001457a 4500 |
| 003 - CONTROL NUMBER IDENTIFIER | |
| control field | OSt |
| 008 - FIXED-LENGTH DATA ELEMENTS--GENERAL INFORMATION | |
| fixed length control field | 220826b ||||| |||| 00| 0 eng d |
| 020 ## - INTERNATIONAL STANDARD BOOK NUMBER | |
| International Standard Book Number | 9789389423594 |
| 082 ## - DEWEY DECIMAL CLASSIFICATION NUMBER | |
| Classification number | 006.78 MOA |
| 100 ## - MAIN ENTRY--PERSONAL NAME | |
| Personal name | MOHAN,Mehul |
| 245 ## - TITLE STATEMENT | |
| Title | Advanced web Development with react |
| 260 ## - PUBLICATION, DISTRIBUTION, ETC. (IMPRINT) | |
| Place of publication, distribution, etc | New Delhi |
| Name of publisher, distributor, etc | 2020 |
| Date of publication, distribution, etc | 2020 |
| 300 ## - PHYSICAL DESCRIPTION | |
| Extent | 189 |
| 942 ## - ADDED ENTRY ELEMENTS (KOHA) | |
| Source of classification or shelving scheme | Dewey Decimal Classification |
| Koha item type | Text Books |
| 942 ## - ADDED ENTRY ELEMENTS (KOHA) | |
| -- | 2 |
| Withdrawn status | Lost status | Source of classification or shelving scheme | Damaged status | Not for loan | Collection code | Home library | Current library | Date acquired | Source of acquisition | Currency | Cost, normal purchase price | Bill Number | Total Checkouts | Full call number | Acc. no. / Barcode | Date last seen | Date last borrowed | Actual Cost, discounted price | Bill Date | Koha item type |
|---|---|---|---|---|---|---|---|---|---|---|---|---|---|---|---|---|---|---|---|---|
| Dewey Decimal Classification | B.Tech(IT) | PIET C-LIBRARY | PIET C-LIBRARY | 26/08/2022 | Kirti Prakashan | Indian Rup | 499.00 | IN810 | 3 | 006.78 MOA | 33798 | 27/12/2025 | 20/08/2025 | 349.30 | 26/08/2022 | Text Books | ||||
| Dewey Decimal Classification | B.Tech(IT) | PIET C-LIBRARY | PIET C-LIBRARY | 26/08/2022 | Kirti Prakashan | Indian Rup | 499.00 | IN810 | 006.78 MOA | 33799 | 26/08/2022 | 349.30 | 26/08/2022 | Text Books | ||||||
| Dewey Decimal Classification | Computer Science and Engineering in AI & Machine Learning | PIET C-LIBRARY | PIET C-LIBRARY | 26/08/2022 | Kirti Prakashan | Indian Rup | 499.00 | IN810 | 006.78 MOA | 33800 | 26/08/2022 | 349.30 | 26/08/2022 | Text Books | ||||||
| Dewey Decimal Classification | Computer Science and Engineering in AI & Machine Learning | PIET C-LIBRARY | PIET C-LIBRARY | 26/08/2022 | Kirti Prakashan | Indian Rup | 499.00 | IN810 | 2 | 006.78 MOA | 33801 | 19/10/2023 | 08/09/2023 | 349.30 | 26/08/2022 | Text Books | ||||
| Dewey Decimal Classification | Computer Science and Engineering in AI & Machine Learning | PIET C-LIBRARY | PIET C-LIBRARY | 26/08/2022 | Kirti Prakashan | Indian Rup | 499.00 | IN810 | 006.78 MOA | 33802 | 26/08/2022 | 349.30 | 26/08/2022 | Text Books |